banner-ar

EXPERIMENTAL SOCIAL PSYCHOLOGY / (Record no. 14858)

MARC details
000 -الفاتح
حقل البيانات ثابتة الطول 00539nam a2200181Ia 4500
008 - عناصر البيانات ثابتة الطول - معلومات عامة
حقل البيانات ثابتة الطول 140319s9999 xx 000 0 eng d
040 ## - مصدر الفهرسة
وكالة الفهرسة الأصلية GCL /
وكالة النسخ GCL
082 04 - رقم تصنيف ديوى العشرى
رقم التصنيف 150.724
رقم المادة M E
100 1# - المدخل الرئيسى - إسم شخصى
الإسم الشخصى MC CLINTOCK, CHARLES GRAHAIM
245 10 - بيان العنوان
العنوان EXPERIMENTAL SOCIAL PSYCHOLOGY /
بيان المسئوليه,etc MC CLINTOCK, CHARLES GRAHAIM
260 ## - PUBLICATION, DISTRIBUTION, ETC. (IMPRINT)
تاريخ النشر أو التوزيع 1972
300 ## - الوصف المادى
التعداد 584 P
650 04 - المدخل الاضافى بالموضوع-مصطلح موضوعى
مصطلح موضوعي الحضارة الفرعونية
650 04 - المدخل الاضافى بالموضوع-مصطلح موضوعى
مصطلح موضوعي EXPERIMENTAL
650 04 - المدخل الاضافى بالموضوع-مصطلح موضوعى
مصطلح موضوعي EXPERIMENTAL PSYCHOLOGY
942 ## - عناصر المدخل الإضافي( كوها)
مصدر التصنيف او مخطط الترفيف Dewey Decimal Classification
Koha [default] item type كتاب
260 ## - PUBLICATION, DISTRIBUTION, ETC. (IMPRINT)
-- [S.N] :
-- HOLT, RINEHART AND WINSTON, INC ،
Holdings
حالة التراجع حالة الفقد حالة تلف ليس للاعارة المكان المؤقت الموقع الحالى تاريخ الاكتساب اجمالي اﻻعارات رقم الطلب الباركود تاريخ اخر مشاهدة تاريخ تفعيل السعر نوع وعاء كوها
        مكتبة القاهرة الكبرى مكتبة القاهرة الكبرى 03/26/2014   150.724\M E 27783 03/26/2014 03/26/2014 كتاب

Powered By

EGPV